| 000 | 00373nam a22001457a 4500 | ||
|---|---|---|---|
| 003 | MACL | ||
| 005 | 20200717120458.0 | ||
| 008 | 200717b xxu||||| |||| 00| 0 eng d | ||
| 040 | _cMACL | ||
| 100 |
_aSaradananda,Swami _979026 |
||
| 245 | _aSri Ramakrishna and His Divine Play | ||
| 260 |
_aKolkata _bVedanta Society _c2003 |
||
| 650 |
_aBiography _979027 |
||
| 942 |
_2ddc _cBK |
||
| 999 |
_c62678 _d62678 |
||